University libraries in India : (Record no. 133584)
[ view plain ]
| 000 -LEADER | |
|---|---|
| fixed length control field | 00833nam a22002417a 4500 |
| 005 - DATE AND TIME OF LATEST TRANSACTION | |
| control field | 20170124110212.0 |
| 010 ## - LIBRARY OF CONGRESS CONTROL NUMBER | |
| LC control number | A-226966 |
| 020 ## - INTERNATIONAL STANDARD BOOK NUMBER | |
| Terms of availability | 15.25 |
| 035 ## - SYSTEM CONTROL NUMBER | |
| System control number | A-226966 |
| 037 ## - SOURCE OF ACQUISITION | |
| Source of stock number/acquisition | Cen Lib/Ret |
| 040 ## - CATALOGING SOURCE | |
| Original cataloging agency | DPL |
| Language of cataloging | EN |
| 082 ## - DEWEY DECIMAL CLASSIFICATION NUMBER | |
| Classification number | 027.7 |
| Item number | SRI |
| 100 ## - MAIN ENTRY--PERSONAL NAME | |
| Personal name | Srivastava, Shyam Nath |
| 9 (RLIN) | 73477 |
| 245 ## - TITLE STATEMENT | |
| Title | University libraries in India : |
| Statement of responsibility, etc | by Shyam Nath Srivastava [and] Subash Chandra Verma |
| Remainder of title | their organisation and administration / |
| 260 ## - PUBLICATION, DISTRIBUTION, ETC. (IMPRINT) | |
| Name of publisher, distributor, etc | Sterling Publishers |
| Place of publication, distribution, etc | New Delhi |
| Date of publication, distribution, etc | 1980 |
| 270 ## - ADDRESS | |
| City | New Delhi |
| Address | AB/9, Safdarjang Enclave |
| Postal code | 110029 |
| 300 ## - PHYSICAL DESCRIPTION | |
| Extent | viii,351p. |
| Dimensions | 22cm(Hb) |
| 500 ## - GENERAL NOTE | |
| General note | Includes bibliographical references and index<br/> |
| 650 ## - SUBJECT ADDED ENTRY--TOPICAL TERM | |
| Topical term or geographic name as entry element | Academic libraries -- India |
| 9 (RLIN) | 38349 |
| 650 ## - SUBJECT ADDED ENTRY--TOPICAL TERM | |
| Topical term or geographic name as entry element | Academic libraries |
| 9 (RLIN) | 2640 |
| 700 ## - ADDED ENTRY--PERSONAL NAME | |
| Personal name | Verma, Subash Chandra |
| 9 (RLIN) | 6295 |
| 942 ## - ADDED ENTRY ELEMENTS (KOHA) | |
| Source of classification or shelving scheme | Dewey Decimal Classification |
| Koha item type | English Books |
| Classification part | 027.7 |
| Call number suffix | SRI |
| Withdrawn status | Lost status | Damaged status | Not for loan | Collection code | Home library | Current library | Date acquired | Source of acquisition | Cost, normal purchase price | Total Checkouts | Full call number | Barcode | Date last seen | Copy number | Cost, replacement price | Price effective from | Koha item type |
|---|---|---|---|---|---|---|---|---|---|---|---|---|---|---|---|---|---|
| Not For Loan | Reference | Central Library | Central Library | 27/07/2015 | Cen Lib/Ret | 0.00 | 027.7 SRI | A-226966 | 27/07/2015 | 1 | 0.00 | 27/07/2015 | English Books |
